味の素[WE-21]計画 : 動き出したソフト化戦略 World Excellence

Gorde:
Xehetasun bibliografikoak
Egile nagusia: 小池弘(こいけ ひろし)
Formatua: Liburua
Hizkuntza:Undetermined
Argitaratua: 東京 ダイヤモンド社 1989
Gaiak:
Etiketak: Etiketa erantsi
Etiketarik gabe, Izan zaitez lehena erregistro honi etiketa jartzen!
Thư viện lưu trữ: Trung tâm Học liệu Trường Đại học Cần Thơ
LEADER 00573nam a2200205Ia 4500
001 CTU_94396
008 210402s9999 xx 000 0 und d
082 |a 338.8 
082 |b K79 
100 |a 小池弘(こいけ ひろし) 
245 0 |a 味の素[WE-21]計画 : 動き出したソフト化戦略 
245 0 |b World Excellence 
245 0 |c 小池弘 
260 |a 東京 
260 |b ダイヤモンド社 
260 |c 1989 
650 |a Corporations 
650 |x Japan 
904 |i Ngoc 
980 |a Trung tâm Học liệu Trường Đại học Cần Thơ